000 00652nam a2200253Ia 4500
005 20260121161149.0
008 008 260114s9999 xx 000 0 eng d
020 _a9781003321651
037 _aEBOOK
040 _aCRL
040 _beng
040 _cCRL
041 _2eng
041 _aeng
084 _qCRL
100 _aAdam Walaszek
_91040992
245 0 _aPolish American History before 1939:Polish-American History from 1854 to 2004, Volume 1
260 _bTaylor and Francis
260 _c2024
856 _uhttp://www.taylorfrancis.com/books/9781003321651
942 _cEBOOK
999 _c1607808
_d1607808